Износ режущего инструмента при обработке титанового сплава ВТЗ-1 с применением смазочно-охлаждающих жидкостей; Труды Иркутского политехнического института; Вып. 36

Bibliografiske detaljer
Parent link:Труды Иркутского политехнического института
Вып. 36.— 1967.— С. 86-91
Hovedforfatter: Промпов А. И.
Andre forfattere: Макаров Р. В.
Sprog:russisk
Udgivet: 1967
Fag:
Format: MixedMaterials Book Chapter
KOHA link:https://koha.lib.tpu.ru/cgi-bin/koha/opac-detail.pl?biblionumber=594743

MARC

LEADER 00000naa0a2200000 4500
001 594743
005 20250213125233.0
035 |a (RuTPU)RU\TPU\tpu\11730 
090 |a 594743 
100 |a 20040303d1967 k||y0rusy50 ca 
101 0 |a rus 
102 |a RU 
200 1 |a Износ режущего инструмента при обработке титанового сплава ВТЗ-1 с применением смазочно-охлаждающих жидкостей  |f А. И. Промпов, Р. В. Макаров 
461 |t Труды Иркутского политехнического института 
463 |t Вып. 36  |v С. 86-91  |d 1967 
610 1 |a режущий инструмент 
610 1 |a титановые сплавы 
610 1 |a обработка 
610 1 |a износ 
610 1 |a труды учёных ТПУ 
700 1 |a Промпов  |b А. И. 
701 1 |a Макаров  |b Р. В. 
801 1 |a RU  |b 63413507  |c 20040303  |g PSBO 
801 2 |a RU  |b 63413507  |c 20100329  |g RCR 
942 |c CR